Làng nghề trong bối cảnh xây dựng nông thôn mới ở châu thổ sông Hồng (nghiên cứu hai làng Dương Liễu và Đại Bái)
Chỉ ra những thách thức các làng nghề đang gặp phải; Làm sáng tỏ những đóng góp của các làng nghề trong tiến trình xây dựng nông thôn mới; Từ đó cung cấp thêm cơ sở cho việc đưa ra giải pháp phát triển bền vững làng nghề phục vụ quá trình xây dựng nông thôn mới....
Đã lưu trong:
| Tác giả chính: | |
|---|---|
| Định dạng: | Sách |
| Năm xuất bản: |
H.
Đại học Quốc gia Hà Nội
2019
|
| Chủ đề: | |
| Tags: |
Thêm thẻ
Không có thẻ, Hãy là người đầu tiên gắn thẻ bản ghi này!
|
| LEADER | 01178nam a2200157 4500 | ||
|---|---|---|---|
| 999 | |c 15814 |d 15814 | ||
| 082 | |a 680.95973 |b NG527T | ||
| 100 | |a Nguyễn Tuấn Anh | ||
| 245 | |a Làng nghề trong bối cảnh xây dựng nông thôn mới ở châu thổ sông Hồng (nghiên cứu hai làng Dương Liễu và Đại Bái) |c Nguyễn Tuấn Anh | ||
| 260 | |a H. |b Đại học Quốc gia Hà Nội |c 2019 | ||
| 300 | |a 260 tr. |c 21 cm | ||
| 500 | |a ĐTTS ghi: Liên hiệp các hội văn học nghệ thuật Việt Nam. Hội văn nghệ các dân tộc thiểu số Việt Nam | ||
| 520 | |a Chỉ ra những thách thức các làng nghề đang gặp phải; Làm sáng tỏ những đóng góp của các làng nghề trong tiến trình xây dựng nông thôn mới; Từ đó cung cấp thêm cơ sở cho việc đưa ra giải pháp phát triển bền vững làng nghề phục vụ quá trình xây dựng nông thôn mới. | ||
| 653 | |a Làng nghề |a Nông thôn |a Đồng bằng sông Hồng |a Việt Nam | ||
| 942 | |2 ddc |c SH | ||
| 952 | |0 0 |1 0 |2 ddc |4 0 |6 680_959730000000000_NG527T |7 0 |8 600 |9 117991 |a qbu |b qbu |c D3 |d 2020-05-19 |g 80000 |o 680.95973 NG527T |p 12893.C1 |r 2020-05-19 |w 2020-05-19 |y SH | ||